Państwa członkowskie Wspólnoty Niepodległych Państw - Statystyki

Ogólne statystyki
  • Ten quiz został rozwiązany 7 razy
  • Średni wynik to 7 z 9
Statystyki odpowiedzi
Państwo % Poprawnych
Armenia
100%
Azerbejdżan
100%
Białoruś
100%
Uzbekistan
100%
Kirgistan
75%
Rosja
75%
Tadżykistan
75%
Mołdawia
50%
Kazacshtan
0%
Nie znaleziono quizów pasujących do podanych kryteriów
Rozkład punktacji
Procent ludzi z każdym wynikiem
Percentyl według liczby udzielonych odpowiedzi
Twoja historia wyników
Nie rozwiązałeś tego quizu